LEADER 01181nam0 22002891i 450 001 UON00191889 005 20231205103218.388 100 $a20030730f1980 |0itac50 ba 101 $aeng 102 $aGB 105 $a|||| 1|||| 200 1 $aActs of implication$eSuggestion and Covert Meaning in the Works of Dryden, Swift, Pope, and Austen$fIrvin Ehrenpreis 210 $aBerkeley: University of California$d1980 215 $a158 p.$d23 cm. 606 $aAUSTEN JANE$3UONC038270$2FI 606 $aSWIFT JONATHAN$3UONC039713$2FI 606 $aPOPE ALEXANDER$3UONC039714$2FI 606 $aDRYDEN JOHN$3UONC039931$2FI 620 $aUS$dBerkeley$3UONL000021 676 $a820.09$cLetteratura inglese e in antico inglese. Storia, descrizione, studi critici$v21 700 1$aEHRENPREIS$bIrvin$3UONV112136$0156011 801 $aIT$bSOL$c20240220$gRICA 899 $aSIBA - SISTEMA BIBLIOTECARIO DI ATENEO$2UONSI 912 $aUON00191889 950 $aSIBA - SISTEMA BIBLIOTECARIO DI ATENEO$dSI Angl IV C 0240 $eSI LO 21567 5 0240 $sBuono 996 $aActs of implication$91293952 997 $aUNIOR LEADER 01569nas 2200493-a 450 001 996204680003316 005 20240118213020.0 035 $a(DE-599)ZDB2167936-8 035 $a(OCoLC)56943582 035 $a(CKB)110992357329026 035 $a(CONSER)--2004237171 035 $a(EXLCZ)99110992357329026 100 $a20041110b19421962 --- - 101 0 $aeng 135 $aurbn||||||||| 181 $ctxt$2rdacontent 182 $cc$2rdamedia 183 $acr$2rdacarrier 200 10$aFolklore studies 210 $aBeijing, China $cMuseum of Oriental Ethnology, Catholic University of Peking (China)$d1942-1962 300 $6880-02$a"Journal of Far Eastern folklore." 300 $aPublished: Tokyo, Japan, 1953-1962. 311 1 $a0388-0370 517 1 $aMin su xue zhi 606 $aFolklore$zEast Asia$vPeriodicals 606 $aFolklor$2dbn 606 $aFolklore$2fast$3(OCoLC)fst00930306 606 $aManners and customs$2fast$3(OCoLC)fst01007815 607 $aEast Asia$xSocial life and customs$vPeriodicals 607 $aEast Asia$2fast 608 $aCzasopismo etnograficzne.$2dbn 608 $aPeriodicals.$2fast 608 $aPeriodicals.$2lcgft 615 0$aFolklore 615 7$aFolklor. 615 7$aFolklore. 615 7$aManners and customs. 712 02$aFu ren da xue (Beijing, China).$bRen lei xue bo wu guan. 712 02$aS.V.D. Research Institute. 712 02$aSociety of the Divine Word. 906 $aJOURNAL 912 $a996204680003316 996 $aFolklore Studies$91320861 997 $aUNISA